000
00296nam a22001337a 4500
008
170315b xxu||||| |||| 00| 0 eng d
020
_a
9780135080375
041
_a
eng
080
_2
4ED
_a
591
100
_a
7
101
_a
SHM
245
_a
FUNDAMENTALS ETNOMOLOGY
_c
ELZINGA.R.J
942
_2
udc
_c
BK
999
_c
7808
_d
7808